000 00580nam a22002297a 4500
003 UA-OsUOA
001 94855
007 ta
008 20130218b un ||||| |||| 00| 0 ukr d
100 _aДетков В.
090 _a821.161.1
_bД38
942 _cBK
040 _aUA-OsUOA
_brus
_cUA-OsUOA
_dUA-OsUOA
245 _aСвет мой светлый
_bминиатюры, рассказы, повесть
300 _a268 с.
955 _a3
041 _arus
080 _a821.161.1
260 _aМ.
_bСовременник
_c1984
650 7 _2UDC
999 _c381122
_d381122